000 00410cam a2200145ua 4500
041 _amal
_h
082 _a894.8121
_bKUN/BH
100 _aKunhukuttan, Thampuran .
245 _aBhashabharatham: Virata parvam /
_cKunhukuttan thampuran.
_hTextual Documents
260 _aThrissur :
_bVallathole Printing and Publishing House ,
_c1954.
300 _a577 ; .
504 _a
942 _cBK
999 _c6507
_d6507